00751nam a22002175a 450000100060000000300040000600500170001000800410002701000170006802000150008504000130010008200160011310000260012924501550015526000450031030000110035590600450036694200120041199900150042395200950043880487OSt20230620120214.0950321s1993 gw 000 0 eng  a 95129427  a3860772120 aDLCcDLC a320.46bVOG1 aAdam, Erfried,d1945-10aDemocracy in Africa, a new beginning? :bInternational Conference, Bonn, 1.-3. June 1992 : selected papers and discusssions /c[Ed. by, Erfried Adam]. aBonn :bFriedrich-Ebert-Stiftung,c1993. a117 p. a0bibccorignewd3encipf19gy-gencatlg 2ddccBK c1685d1685 00102ddc4070a002b002d2023-06-20l0o320.46 VOGp10011273r2023-06-20w2023-06-20yBK